000 00597nam a22001697a 4500
020 _qHard Cover.
082 _a200
100 _aJan, Rahim
245 _a2D Nanosheets-Polymer Composites: Mechanical, Electrical Properties Evaluation and Applications /
_cRahim Jan,
260 _aIslamabad:
_bSCME - NUST,
_c2016.
300 _axii, 139 p. : ill. ;
_c30cm.
650 _aPhD-Materials Engineering
_9123162
700 _aDr. Amir Habib.
_919483
856 _uhttp://10.250.8.41:8080/xmlui/handle/123456789/22132
942 _2ddc
_cTHE
999 _c528016
_d528016